<?xml version="1.0" encoding="UTF-8"?>
<record
    xmlns:xsi="http://www.w3.org/2001/XMLSchema-instance"
    xsi:schemaLocation="http://www.loc.gov/MARC21/slim http://www.loc.gov/standards/marcxml/schema/MARC21slim.xsd"
    xmlns="http://www.loc.gov/MARC21/slim">

  <leader>00182nam a22000857a 4500</leader>
  <controlfield tag="001">1241047</controlfield>
  <controlfield tag="005">20251010103604.0</controlfield>
  <datafield tag="245" ind1=" " ind2=" ">
    <subfield code="a">BA&#x15E;KOM&#x130;SER NEVZAT</subfield>
    <subfield code="c">AHMET &#xDC;M&#x130;T</subfield>
  </datafield>
  <datafield tag="260" ind1=" " ind2=" ">
    <subfield code="b">EVEREST</subfield>
  </datafield>
  <datafield tag="999" ind1=" " ind2=" ">
    <subfield code="c">1241047</subfield>
    <subfield code="d">1241047</subfield>
  </datafield>
  <datafield tag="952" ind1=" " ind2=" ">
    <subfield code="0">0</subfield>
    <subfield code="1">0</subfield>
    <subfield code="2">ddc</subfield>
    <subfield code="4">0</subfield>
    <subfield code="7">0</subfield>
    <subfield code="a">1052</subfield>
    <subfield code="b">1052</subfield>
    <subfield code="d">2025-10-10</subfield>
    <subfield code="l">4</subfield>
    <subfield code="p">10528987</subfield>
    <subfield code="r">2026-04-02 13:01:17</subfield>
    <subfield code="s">2026-03-26</subfield>
    <subfield code="w">2025-10-10</subfield>
    <subfield code="y">BK</subfield>
  </datafield>
</record>
